<?xml version="1.0" encoding="UTF-8"?>
<record
    xmlns:xsi="http://www.w3.org/2001/XMLSchema-instance"
    xsi:schemaLocation="http://www.loc.gov/MARC21/slim http://www.loc.gov/standards/marcxml/schema/MARC21slim.xsd"
    xmlns="http://www.loc.gov/MARC21/slim">

  <leader>02954    a2200253   4500</leader>
  <controlfield tag="001">54545</controlfield>
  <controlfield tag="005">20260407155819.0</controlfield>
  <controlfield tag="008">260407a1967    arg                 spa d</controlfield>
  <controlfield tag="003">AR-UNSa-BCEJYS</controlfield>
  <datafield tag="040" ind1=" " ind2=" ">
    <subfield code="a">AR-UNSa-BCEJYS</subfield>
    <subfield code="b">spa</subfield>
    <subfield code="c">AR-UNSa-BCEJYS</subfield>
  </datafield>
  <datafield tag="080" ind1=" " ind2=" ">
    <subfield code="a">330.101</subfield>
    <subfield code="x">Ciencia econ&#xF3;mica en general. La econom&#xED;a y sus problemas. Objeto y m&#xE9;todos de la econom&#xED;a pol&#xED;tica </subfield>
  </datafield>
  <datafield tag="245" ind1="1" ind2="0">
    <subfield code="a">An&#xE1;lisis econ&#xF3;mico</subfield>
    <subfield code="p">microeconom&#xED;a y macroeconom&#xED;a</subfield>
  </datafield>
  <datafield tag="250" ind1=" " ind2=" ">
    <subfield code="a">9a. ed.</subfield>
  </datafield>
  <datafield tag="264" ind1=" " ind2="1">
    <subfield code="a">Madrid :</subfield>
    <subfield code="b">Alianza Editorial</subfield>
    <subfield code="c">1967</subfield>
  </datafield>
  <datafield tag="300" ind1=" " ind2=" ">
    <subfield code="a">1064 p.</subfield>
    <subfield code="c">23 cm.</subfield>
  </datafield>
  <datafield tag="505" ind1=" " ind2=" ">
    <subfield code="a">Primera parte: Microeconom&#xED;a - 1. Tarea y m&#xE9;todos del an&#xE1;lisis econ&#xF3;mico - 2. El cambio como el organizador de la especializaci&#xF3;n - 3. Algunas aplicaciones de la teor&#xED;a elemental del cambio - 4. Un modelo elemental del sistema de precios - 5. Aplicaciones del modelo elemental: El desarrollo - 6. Asignaci&#xF3;n y distribuci&#xF3;n: El principio de igual ventaja - 7. La teor&#xED;a del precio de mercado en mercados de competencia perfecta - 8. Oferta y demanda en un mercado de competencia - 9. Algunas aplicaciones de la teor&#xED;a del precio de mercado - 10. La teor&#xED;a del precio normal - 11. Aplicaciones del an&#xE1;lisis de la oferta y la demanda - 12. Otras aplicaciones del an&#xE1;lisis de la oferta y la demanda - 13. Los precios de los factores de producci&#xF3;n - 14. La din&#xE1;mica de la oferta y la demanda - 15. La organizaci&#xF3;n econ&#xF3;mica - 16. La empresa como una organizaci&#xF3;n econ&#xF3;mica - 17. La teor&#xED;a de la empresa comercial - 18. La empresa industrial - 19. La derivaci&#xF3;n de las curvas de oferta a partir de las curvas de corte - 20. Funciones de producci&#xF3;n con un factor variable - 21. Otros problemas de la teor&#xED;a del monopolio - 22. Competencia imperfecta - 23. Aplicaciones del an&#xE1;lisis marginal: La regulaci&#xF3;n de la competencia y del monopolio - 24. La teor&#xED;a elemental de las decisiones familiares - 25. El an&#xE1;lisis con tres variables de la empresa - 26. An&#xE1;lisis con tres variables(continuaci&#xF3;n) - 27. Las curvas de indiferencia y la teor&#xED;a de la elecci&#xF3;n &#xF3;ptima - 28. Aplicaciones del an&#xE1;lisis de las curvas de indiferencia - 29. Capital,tiempo y valoraci&#xF3;n - 30. El tiempo en las decisiones econ&#xF3;micas - Segunda parte: Macroeconom&#xED;a - 31. Magnitudes globales y promedios econ&#xF3;micos - 32. La medici&#xF3;n de las magnitudes globales econ&#xF3;micas - 33. Modelos macroecon&#xF3;micos: Modelos de producci&#xF3;n y consumo - 34. Modelos macroecon&#xF3;micos: Modelos de la circulaci&#xF3;n monetaria y del intercambio - 35. El ssitema financiero - 36. Ahorro e inter&#xE9;s - 37. Relaciones econ&#xF3;micas internacionales - 38. Modelos din&#xE1;micos - 39. Fluctuaciones econ&#xF3;micas y crecimiento econ&#xF3;mico - 40. El impacto del Estado - 41. Econom&#xED;a positiva y econom&#xED;a normativa</subfield>
  </datafield>
  <datafield tag="041" ind1=" " ind2=" ">
    <subfield code="a">spa</subfield>
  </datafield>
  <datafield tag="942" ind1=" " ind2=" ">
    <subfield code="c">BK</subfield>
  </datafield>
  <datafield tag="590" ind1=" " ind2=" ">
    <subfield code="a">niveau_biblio:m niveau_hierar:0</subfield>
  </datafield>
  <datafield tag="100" ind1="1" ind2=" ">
    <subfield code="a">Boulding, Kenneth E.</subfield>
  </datafield>
  <datafield tag="700" ind1="1" ind2=" ">
    <subfield code="a">Bramtot, Juan A.</subfield>
  </datafield>
  <datafield tag="700" ind1="1" ind2=" ">
    <subfield code="a">Iglesias, Antonio</subfield>
  </datafield>
  <datafield tag="700" ind1="1" ind2=" ">
    <subfield code="a">Paredes, Miguel</subfield>
  </datafield>
  <datafield tag="999" ind1=" " ind2=" ">
    <subfield code="c">5625</subfield>
    <subfield code="d">5625</subfield>
  </datafield>
  <datafield tag="952" ind1=" " ind2=" ">
    <subfield code="0">0</subfield>
    <subfield code="1">0</subfield>
    <subfield code="4">0</subfield>
    <subfield code="7">0</subfield>
    <subfield code="a">BCEJYS</subfield>
    <subfield code="b">BCEJYS</subfield>
    <subfield code="c">16</subfield>
    <subfield code="d">2026-04-07</subfield>
    <subfield code="l">0</subfield>
    <subfield code="o">330.101 B763 9ed.</subfield>
    <subfield code="p">L23389</subfield>
    <subfield code="r">2026-04-07 15:58:19</subfield>
    <subfield code="w">2026-04-07</subfield>
    <subfield code="y">L</subfield>
  </datafield>
</record>
